Cinema as art (Record no. 26267)

MARC details
000 -LEADER
fixed length control field 00309nam a2200133Ia 4500
082 ## - DEWEY DECIMAL CLASSIFICATION NUMBER
Classification number 778.5
Item number STE
100 ## - MAIN ENTRY--AUTHOR NAME
Personal name Debrix, Jean R
245 #0 - TITLE STATEMENT
Title Cinema as art
250 ## - EDITION STATEMENT
Edition statement Ed.2
260 ## - PUBLICATION, DISTRIBUTION, ETC. (IMPRINT)
Place of publication London
Name of publisher Penguin
Year of publication 1965
700 ## - ADDED ENTRY--PERSONAL NAME
Personal name Stephenson, Ralph
942 ## - ADDED ENTRY ELEMENTS (KOHA)
Koha item type Books
Holdings
Withdrawn status Lost status Damaged status Not for loan Home library Current library Date acquired Cost, normal purchase price Full call number Accession Number Koha item type
        RRII Library RRII Library 16/12/2021 1.20 778.5 STE 06905 Books